Ukrajins'ko-slovac'ki zaliznyčni perevezennja

Bibliographic Details
Format: Article
Language:Ukrainian
Subjects:

MARC

LEADER 00000nab a2200000 a 4500
001 vtls011551183
003 SK-MaSNL
005 20260318122352.0
008 160509c2016 xo er p 000 c0ukr
015 |a SNBRB2016/05 
038 |a SVKPOCL 
040 |a SVKPOCL  |b slo  |c SVKPOCL  |e AACR2 
041 0 |a ukr 
044 |a xo  |c SK 
080 |a 80(=16)+908(4)  |2 2011 
080 |a 80(=161.2)+908(477)  |2 2011 
080 |a 339.92  |2 2011 
080 |a 622.683  |2 2011 
080 |a 005.745  |2 2011 
080 |a (437.6)  |2 2011 
080 |a (477)  |2 2011 
245 0 0 |a Ukrajins'ko-slovac'ki zaliznyčni perevezennja  |c [avtor] r 
648 7 |a 13.-14.4.2016  |2 svkpocl  |9 1530160 
650 0 7 |a medzinárodná spolupráca  |2 svkpocl  |9 4911 
650 0 7 |a železničná doprava  |2 svkpocl  |9 3185 
650 0 7 |a stretnutia  |2 svkpocl  |9 877999 
650 0 7 |a slavistika  |2 svkpocl  |9 4282 
650 0 7 |a ukrajinistika  |2 svkpocl  |9 51200 
651 7 |a Slovensko  |2 svkpocl  |9 14231 
651 7 |a Ukrajina  |2 svkpocl  |9 168045 
655 7 |a články z novín a časopisov  |2 svkpocl  |9 267496 
773 0 |t Nove žyttja  |g Roč. 66, č. 8 (2016), s. 3 
852 |a SVKPO  |b KIS3GCP 
958 |a UK 
958 |a SK 
958 |a SS 
958 |a UA 
999 |c 3081422  |d 3083352